Caricamento...

General and inorganic chemistry /

This volume has been planned to do away with all these weaknesses. A new topic, namely antioxidants, has been included in 'Bioinorganic Chemistry' section to explore the origin of some fatal human diseases. In dealing with spectroscopy of compounds, the authors have tried to explain throug...

Descrizione completa

Dettagli Bibliografici
Autore principale: Bhidan Chandra Ray
Natura: Printed Book
Lingua:English
Pubblicazione: New Delhi : New Central Book Agency, 2016
Soggetti:
LEADER 01353nam a22001817a 4500
008 170329b xxu||||| |||| 00| 0 eng d
020 |a 9789352550357 
082 |a 546 
100 |a Bhidan Chandra Ray 
245 |a General and inorganic chemistry /  |c Bhidan Chandra Ray, Sathyanarayana Das 
260 |a New Delhi :  |b New Central Book Agency,  |c 2016 
300 |a 2v. 
520 |a This volume has been planned to do away with all these weaknesses. A new topic, namely antioxidants, has been included in 'Bioinorganic Chemistry' section to explore the origin of some fatal human diseases. In dealing with spectroscopy of compounds, the authors have tried to explain through vector representations of different microstate and Russel-Sanders' states derived from them.  
650 0 |a Chemistry, Inorganic. 
942 |c BK 
999 |c 122111  |d 122111 
952 |0 0  |1 0  |2 ddc  |4 0  |6 546_000000000000000_BID_G  |7 0  |9 135168  |a CHE  |b CHE  |c ST1  |d 2017-03-29  |e The Book Shop, Publication Division, University of Calicut  |g 376.20  |h Vol.2  |i 6238  |l 1  |m 2  |o 546 BID/G  |p CHE6238  |r 2021-09-08  |s 2018-09-01  |v 495.00  |w 2018-07-27  |x UGC GDA 2016-17  |y BK 
952 |0 0  |1 0  |2 ddc  |4 0  |6 546_000000000000000_BID_G  |7 0  |9 135169  |a CHE  |b CHE  |c ST1  |d 2017-03-29  |e The Book Shop, Publication Division, University of Calicut  |g 376.20  |h Vol.2  |i 6239  |l 1  |o 546 BID/G  |p CHE6239  |r 2018-03-06  |s 2017-09-28  |v 495.00  |w 2018-07-27  |x UGC GDA 2016-17  |y BK